[Event "Ligue du Lyonnais"]
[Site "?"]
[Date "2009.05.17"]
[Round "1.1"]
[White "Carrot, Axel"]
[Black "Cizeron, Frederic"]
[Result "0-1"]
[WhiteElo "1680"]
[BlackElo "2106"]
[PlyCount "80"]
[EventDate "2009.??.??"]

1. e4 g6 2. d4 Bg7 3. Nf3 d6 4. Bc4 Nd7 5. Nc3 h6 6. Qd3 e5 7. Be3 c6 8. O-O-O
Qc7 9. Rhe1 Ne7 10. a3 a5 11. Ba2 O-O 12. Nb1 b5 13. c4 bxc4 14. Qxc4 Ba6 15.
Qc2 Kh7 16. Bc4 Bxc4 17. Qxc4 f5 18. dxe5 Nxe5 19. Nxe5 Bxe5 20. Bd4 Bf4+ 21.
Be3 d5 22. exd5 Nxd5 23. Bxf4 Nxf4 24. g3 Nh5 25. Nc3 Rab8 26. Qc5 Rf7 27. Re5
Qb7 28. Rd2 Nf6 29. Qxa5 Ng4 30. Re6 Nxh2 31. Qc5 Nf3 32. Rde2 Rc8 33. Qd6 Rg7
34. Re7 Rc7 35. Rxg7+ Rxg7 36. Re6 Ng5 37. Rf6 Qa7 38. Qxc6 Qxf2 39. Qd6 Qe1+
40. Kc2 Ne4 0-1

[Event "Ligue du Lyonnais"]
[Site "?"]
[Date "2009.05.17"]
[Round "1.2"]
[White "Celette, Robert"]
[Black "Masson, Guillaume"]
[Result "1-0"]
[WhiteElo "2065"]
[BlackElo "1520"]
[PlyCount "72"]
[EventDate "2009.??.??"]

1. c4 e5 2. Nc3 Nf6 3. d3 Bb4 4. a3 Bc5 5. e3 Nc6 6. Nf3 O-O 7. b4 Bd6 8. Bb2
a6 9. Be2 Re8 10. Qc2 b5 11. cxb5 axb5 12. Nxb5 Ba6 13. Nxd6 cxd6 14. O-O Qb6
15. Nd2 d5 16. Rfe1 Rac8 17. Qb1 d6 18. h3 Rc7 19. e4 dxe4 20. dxe4 Bxe2 21.
Rxe2 Nd4 22. Bxd4 Qxd4 23. Nb3 Qc4 24. Re1 Rec8 25. Ra2 Qc3 26. Rd2 Rc4 27.
Rxd6 Rxe4 28. Rxe4 Nxe4 29. Qxe4 Qxb3 30. Qc6 Rf8 31. Qa6 h6 32. Qd3 Qb2 33. b5
Ra8 34. b6 Rb8 35. g3 f6 36. Qd5+ Kh7 1-0

[Event "Ligue du Lyonnais"]
[Site "?"]
[Date "2009.05.17"]
[Round "1.3"]
[White "Chambosse, Alexis"]
[Black "Aumont-Mathieu, Georges"]
[Result "0-1"]
[WhiteElo "1490"]
[BlackElo "1820"]
[PlyCount "130"]
[EventDate "2009.??.??"]

1. e4 e5 2. Nf3 Nc6 3. Bc4 Nf6 4. d3 h6 5. O-O Be7 6. b3 d6 7. Bb2 Bg4 8. Nbd2
a6 9. a4 O-O 10. h3 Be6 11. Bc3 Bxc4 12. Nxc4 b5 13. axb5 axb5 14. Na5 Nxa5 15.
Rxa5 Rxa5 16. Bxa5 Qd7 17. c4 c5 18. Re1 b4 19. Qd2 Ra8 20. Bxb4 cxb4 21. Qxb4
d5 22. Qb6 dxe4 23. dxe4 Qd6 24. Qb5 Rb8 25. Qxe5 Qxe5 26. Nxe5 Rxb3 27. f3 Bd6
28. Ng4 Nxg4 29. hxg4 Rc3 30. Rd1 Bc5+ 31. Kh2 Rxc4 32. Rd5 Kf8 33. Kh3 Ke7 34.
Kh4 Bf2+ 35. Kh3 Rc3 36. g5 hxg5 37. Rxg5 g6 38. Rd5 Rc5 39. Rd2 Rh5+ 40. Kg4
Rh4+ 41. Kg5 Be3+ 42. Kxh4 Bxd2 43. Kg4 Ke6 44. Kg3 Ke5 45. Kg4 f5+ 46. exf5
gxf5+ 47. Kg3 Be1+ 48. Kh2 Kf4 49. Kh1 Bg3 50. Kg1 Ke3 51. f4 Kxf4 52. Kf1 Bh2
53. Kf2 Kg4 54. Ke2 Kg3 55. Kf1 f4 56. Ke2 Kxg2 57. Kd3 f3 58. Kd4 f2 59. Ke4
f1=Q 60. Ke3 Bf4+ 61. Ke4 Qf3+ 62. Kd4 Qe3+ 63. Kd5 Qe5+ 64. Kc4 Be3 65. Kd3
Kf3 0-1

[Event "Ligue du Lyonnais"]
[Site "?"]
[Date "2009.05.17"]
[Round "1.4"]
[White "Carteron, Olivier"]
[Black "Mougne, William"]
[Result "1-0"]
[WhiteElo "1780"]
[BlackElo "1420"]
[PlyCount "65"]
[EventDate "2009.??.??"]

1. e4 e5 2. Nf3 Nc6 3. Bc4 Qe7 4. O-O g6 5. Nc3 Bg7 6. Nd5 Qd6 7. d3 Nf6 8. Bd2
O-O 9. b4 Nxd5 10. b5 Nd4 11. Bxd5 Nxb5 12. Rb1 c6 13. Bb4 Qf6 14. Bxf8 Bxf8
15. Rb3 Nd4 16. Nxd4 exd4 17. Bc4 d5 18. exd5 cxd5 19. Bxd5 Rb8 20. Re1 Be6 21.
Bxe6 fxe6 22. Qg4 Qf5 23. Qxd4 Bc5 24. Qe4 Bxf2+ 25. Kh1 Bxe1 26. Qxe1 Rf8 27.
Rb1 Qf1+ 28. Qxf1 Rxf1+ 29. Rxf1 Kg7 30. c3 b6 31. c4 a6 32. d4 b5 33. c5 1-0

[Event "Ligue du Lyonnais"]
[Site "?"]
[Date "2009.05.17"]
[Round "1.1"]
[White "Adamus, Jeremy"]
[Black "Ben Habchi, Nordine"]
[Result "1-0"]
[WhiteElo "2040"]
[BlackElo "1470"]
[PlyCount "51"]
[EventDate "2009.??.??"]

1. d4 Nf6 2. Nf3 g6 3. c4 d5 4. Nc3 Bg4 5. Ne5 Bg7 6. Nxg4 Nxg4 7. e4 Nxf2 8.
Kxf2 dxe4 9. Be3 O-O 10. g3 f5 11. Kg2 Nd7 12. Be2 c6 13. Qd2 h6 14. Bxh6 Bxh6
15. Qxh6 Rf7 16. Qxg6+ Rg7 17. Qxf5 Nf6 18. d5 Qb6 19. Rab1 Rf8 20. Rhf1 Rff7
21. Nxe4 Ng4 22. Qc8+ Kh7 23. Ng5+ Rxg5 24. Rxf7+ Kg6 25. Qg8+ Kh5 26. Qh7# 1-0

[Event "Ligue du Lyonnais"]
[Site "?"]
[Date "2009.05.17"]
[Round "1.2"]
[White "Boeuf, Jean-Julien"]
[Black "Guevorkian, Spartak"]
[Result "0-1"]
[WhiteElo "1400"]
[BlackElo "1920"]
[PlyCount "70"]
[EventDate "2009.??.??"]

1. e4 c5 2. c3 Nc6 3. d4 cxd4 4. cxd4 e6 5. Nf3 Nf6 6. Bd3 Qb6 7. Qb3 Qxb3 8.
axb3 Nb4 9. Ke2 Ng4 10. Be3 g6 11. h3 Nxe3 12. fxe3 f5 13. e5 b6 14. Na3 Bh6
15. Nc2 Nd5 16. g3 Bb7 17. e4 fxe4 18. Bxe4 Nf4+ 19. Ke3 Nh5+ 20. Kd3 Bxe4+ 21.
Kxe4 Nxg3+ 22. Kd3 O-O 23. Rhf1 Nxf1 24. Rxf1 Rf5 25. Nh2 Raf8 26. Rxf5 Rxf5
27. Ne3 Bxe3 28. Kxe3 Rh5 29. Ng4 Rxh3+ 30. Kd2 Rxb3 31. Nf6+ Kg7 32. Kc2 Rf3
33. Nxd7 h5 34. Nf6 Rxf6 35. exf6+ Kxf6 0-1

[Event "Ligue du Lyonnais"]
[Site "?"]
[Date "2009.05.17"]
[Round "1.3"]
[White "Sayou, Patrick"]
[Black "Martin, Julien"]
[Result "1-0"]
[WhiteElo "1499"]
[BlackElo "1370"]
[PlyCount "109"]
[EventDate "2009.??.??"]

1. d4 d5 2. Nf3 Nc6 3. e3 Nf6 4. c4 e6 5. a3 Be7 6. Nc3 Ne4 7. Nxe4 dxe4 8. Nd2
f5 9. Qh5+ g6 10. Qd1 O-O 11. g3 Bf6 12. Rb1 e5 13. d5 Ne7 14. Bg2 c6 15. dxc6
bxc6 16. b4 a5 17. O-O axb4 18. axb4 Qd3 19. Rb3 Qd7 20. Bb2 Qe6 21. Qc2 Bd7
22. Bc3 c5 23. b5 Nc8 24. Ra1 Rxa1+ 25. Bxa1 Nb6 26. Ra3 Bc8 27. Bf1 Qd6 28.
Bc3 Bd8 29. Ba5 Be6 30. Bxb6 Bxb6 31. Nb1 Rd8 32. Be2 Qf8 33. Ra6 Rd6 34. Qb2
Qf6 35. f4 Qd8 36. Qxe5 Rd1+ 37. Kf2 Bf7 38. Nc3 Rd7 39. Na4 Bc7 40. Qxc5 Rd2
41. Qb4 Qd3 42. Ra8+ Bd8 43. Rxd8+ Qxd8 44. Ke1 Ra2 45. c5 Ra1+ 46. Kf2 Qa8 47.
Nc3 Qd8 48. b6 Qd2 49. Nd5 Qxd5 50. b7 Ra8 51. bxa8=Q+ Qxa8 52. Qb5 Be8 53.
Bc4+ Kf8 54. Qb2 Qa7 55. Qh8+ 1-0

[Event "Ligue du Lyonnais"]
[Site "?"]
[Date "2009.05.17"]
[Round "1.1"]
[White "Buisine, Roman"]
[Black "Deville, Olivier"]
[Result "0-1"]
[WhiteElo "1540"]
[BlackElo "2004"]
[PlyCount "61"]
[EventDate "2009.??.??"]

1. e4 c5 2. Nf3 e6 3. d4 cxd4 4. Nxd4 a6 5. Nc3 Qc7 6. Be3 Nf6 7. Qd2 Nc6 8.
O-O-O Bb4 9. f3 d5 10. Bd3 Ne5 11. Nde2 dxe4 12. Bxe4 Nxe4 13. fxe4 Nc4 14. Bf4
e5 15. Qd4 Bc5 16. Nd5 Qc6 17. Qxc4 exf4 18. Nexf4 O-O 19. Nd3 Qh6+ 20. Kb1 Ba7
21. Rdf1 Bd7 22. Ne5 Be6 23. Ne7+ Kh8 24. Nxf7+ Rxf7 25. Qc7 Bxa2+ 26. Kxa2
Qe6+ 27. Kb1 Rxe7 28. Qf4 h6 29. Rf3 Qxe4 30. Qg3 Rc8 31. Rc3 0-1

[Event "Ligue du Lyonnais"]
[Site "?"]
[Date "2009.05.17"]
[Round "1.2"]
[White "Muller, Anthony"]
[Black "Allabrune, Guillaume"]
[Result "1-0"]
[WhiteElo "1920"]
[BlackElo "1400"]
[PlyCount "44"]
[EventDate "2009.??.??"]

1. e4 e6 2. d4 d5 3. Nc3 Bb4 4. e5 c5 5. Bb5+ Bd7 6. Bxd7+ Qxd7 7. Nge2 cxd4 8.
Qxd4 Nc6 9. Qg4 f5 10. exf6 Nxf6 11. Qh4 O-O 12. O-O e5 13. Bg5 d4 14. Rad1 Qf5
15. Bxf6 Rxf6 16. Nb5 a6 17. Nbxd4 exd4 18. Nxd4 Nxd4 19. Qxd4 Bc5 20. Qh4 Qxc2
21. Rd7 Bxf2+ 22. Rxf2 Qc1+ 1-0

[Event "Ligue du Lyonnais"]
[Site "?"]
[Date "2009.05.17"]
[Round "1.3"]
[White "Michalon, Guillaume"]
[Black "Perez, Christian"]
[Result "0-1"]
[WhiteElo "1199"]
[BlackElo "1480"]
[PlyCount "70"]
[EventDate "2009.??.??"]

1. e4 e6 2. Nf3 d5 3. Nc3 Nf6 4. Bb5+ Bd7 5. Bxd7+ Nfxd7 6. b3 Bb4 7. Bb2 O-O
8. O-O Bxc3 9. Bxc3 dxe4 10. Nd4 a6 11. d3 exd3 12. cxd3 c5 13. Nc2 Nc6 14. b4
cxb4 15. Bxb4 Nxb4 16. Nxb4 Qb6 17. Nc2 Rac8 18. Rc1 Nf6 19. Qd2 Rfd8 20. Rfd1
Ne4 21. Qe1 Nc3 22. Rd2 Nxa2 23. Ra1 Nc3 24. Rc1 Qb5 25. Na3 Qf5 26. Nb1 Nxb1
27. Rxb1 b5 28. Rc1 Rxc1 29. Qxc1 Qd5 30. Qd1 h6 31. Qe1 Qd4 32. Qd1 Rc8 33.
Rc2 Rxc2 34. Qxc2 Qa1+ 35. Qc1 Qxc1# 0-1

[Event "Ligue du Lyonnais"]
[Site "?"]
[Date "2009.05.17"]
[Round "1.4"]
[White "Mialon, Franck"]
[Black "Allabrune, Florian"]
[Result "1-0"]
[WhiteElo "1360"]
[BlackElo "1009"]
[PlyCount "33"]
[EventDate "2009.??.??"]

1. e4 e5 2. Nf3 Nc6 3. Bc4 Bc5 4. O-O Nf6 5. d4 exd4 6. e5 Nxe5 7. Nxe5 d6 8.
Nxf7 Qe7 9. Re1 Be6 10. Bxe6 Ng4 11. Bxg4 Kxf7 12. Rxe7+ Kxe7 13. Bg5+ Kf8 14.
Qf3+ Ke8 15. Qxb7 Rd8 16. Qxc7 Rf8 17. Qe7# 1-0

[Event "Ligue du Lyonnais"]
[Site "?"]
[Date "2009.05.17"]
[Round "1.1"]
[White "Moleins, Adrien"]
[Black "Joly, Christian"]
[Result "1-0"]
[WhiteElo "1688"]
[BlackElo "1480"]
[PlyCount "25"]
[EventDate "2009.??.??"]

1. e4 d6 2. d4 Nf6 3. Bd3 g6 4. Nc3 Nfd7 5. Nge2 Bg7 6. f3 O-O 7. Be3 c6 8. Qd2
Re8 9. g4 h5 10. gxh5 gxh5 11. Ng3 Nf6 12. e5 dxe5 13. dxe5 1-0

[Event "Ligue du Lyonnais"]
[Site "?"]
[Date "2009.05.17"]
[Round "1.3"]
[White "Minchilli, Franco"]
[Black "Daillere, Roland"]
[Result "1-0"]
[WhiteElo "1670"]
[BlackElo "1360"]
[PlyCount "29"]
[EventDate "2009.??.??"]

1. e4 d5 2. exd5 Qxd5 3. Nc3 Qa5 4. Nf3 Nc6 5. d4 Bg4 6. Be3 Nf6 7. Bd3 O-O-O
8. h3 Bxf3 9. Qxf3 Nxd4 10. Bxd4 Rxd4 11. O-O a6 12. Qe3 e5 13. Ne2 Nd5 14.
Qxe5 Rxd3 15. Qe8# 1-0

[Event "Ligue du Lyonnais"]
[Site "?"]
[Date "2009.05.17"]
[Round "1.1"]
[White "Marie, Michel"]
[Black "Libiszewski, Christian"]
[Result "0-1"]
[WhiteElo "1499"]
[BlackElo "1690"]
[PlyCount "96"]
[EventDate "2009.??.??"]

1. e4 e6 2. Nf3 d5 3. a3 dxe4 4. Ne5 Nf6 5. d3 exd3 6. Bxd3 Be7 7. O-O O-O 8.
Re1 Nbd7 9. Bf4 Nxe5 10. Rxe5 Bd6 11. Re2 Bxf4 12. g3 Bd6 13. Nc3 a6 14. Rd2
Qe7 15. Qf3 Rb8 16. Re2 Bd7 17. Bf5 Bc6 18. Be4 Nxe4 19. Nxe4 f5 20. Qb3 fxe4
21. Re3 Rf3 22. Rxf3 exf3 23. Re1 Qf7 24. Rxe6 Bd7 25. Re3 Qxb3 26. Rxb3 Bc6
27. Re3 Re8 28. Rxe8+ Bxe8 29. Kf1 Kf7 30. Ke1 Bc6 31. c4 Ke6 32. b4 Ke5 33.
Kd2 Kd4 34. c5 Be7 35. Kc2 b6 36. Kb3 bxc5 37. Kc2 cxb4 38. axb4 Bxb4 39. Kb3
Be1 40. h4 Bxf2 41. h5 Bxg3 42. Kb4 f2 43. Ka5 f1=Q 44. Kb4 Qc4+ 45. Ka3 Bd6+
46. Kb2 Qc3+ 47. Ka2 Qa3+ 48. Kb1 Be4# 0-1

[Event "Ligue du Lyonnais"]
[Site "?"]
[Date "2009.05.17"]
[Round "1.2"]
[White "Simon, Joel"]
[Black "Megnot, Philippe"]
[Result "1-0"]
[WhiteElo "1640"]
[BlackElo "1470"]
[PlyCount "96"]
[EventDate "2009.??.??"]

1. d4 d5 2. e4 c6 3. Nc3 g6 4. e5 Bg7 5. Nf3 h6 6. Be3 Bg4 7. Be2 e6 8. O-O Ne7
9. h3 Bxf3 10. Bxf3 Nf5 11. Bf4 Nd7 12. Ne2 Nf8 13. Bg4 Qb6 14. c3 Rb8 15. Qd2
h5 16. Bxf5 exf5 17. Bg3 Ne6 18. Nf4 Bh6 19. Rab1 Qa5 20. Bh2 h4 21. g3 hxg3
22. fxg3 Bxf4 23. gxf4 Rxh3 24. Qg2 Rh5 25. a3 Kd7 26. Rf2 Rbh8 27. Qf3 Qd8 28.
Bg3 Rh1+ 29. Qxh1 Rxh1+ 30. Kxh1 b5 31. Rh2 Ng7 32. Bh4 Qb6 33. Rg1 a5 34. Re2
Ke6 35. Rgg2 Qa6 36. Bg5 Nh5 37. Kg1 Qb7 38. Kf2 Qc8 39. Ke3 Ng7 40. Kd2 Qd7
41. Kc1 Ne8 42. Rh2 Ng7 43. Kb1 Nh5 44. Rhg2 Qe8 45. Ref2 Qg8 46. Re2 Qd8 47.
Bxd8 Nxf4 48. Rg3 Nxe2 1-0

[Event "Ligue du Lyonnais"]
[Site "?"]
[Date "2009.05.17"]
[Round "1.3"]
[White "Rasle, Corentin"]
[Black "Pareux, Marc"]
[Result "0-1"]
[WhiteElo "1350"]
[BlackElo "1600"]
[PlyCount "82"]
[EventDate "2009.??.??"]

1. d4 g6 2. c4 Bg7 3. Nc3 d6 4. e4 Nc6 5. Be3 e5 6. d5 Nce7 7. Nf3 f5 8. Bd3
Nf6 9. Qc2 O-O 10. O-O f4 11. Bd2 h6 12. Rac1 g5 13. b4 Ng6 14. c5 g4 15. Ne1
Nh5 16. Ne2 Qh4 17. g3 fxg3 18. fxg3 Rxf1+ 19. Kxf1 Qxh2 20. Ng2 Nxg3+ 21. Nxg3
Qxg3 22. Re1 Bd7 23. Kg1 Rf8 24. Re3 Qf2+ 25. Kh1 Rf3 26. Be1 Qxc2 27. Bxc2
Rf1+ 28. Kh2 Nf4 29. Bg3 h5 30. Bh4 Kf7 31. Bb3 Bf6 32. Bg3 Kg6 33. Bc4 Rb1 34.
Bb3 Rb2 35. Bxf4 exf4 36. Rc3 f3 37. Kg1 Rxg2+ 38. Kf1 a6 39. a4 h4 40. cxd6
cxd6 41. a5 Bxc3 0-1

[Event "Ligue du Lyonnais"]
[Site "?"]
[Date "2009.05.17"]
[Round "2.1"]
[White "Cizeron, Frederic"]
[Black "Moleins, Adrien"]
[Result "1/2-1/2"]
[WhiteElo "2106"]
[BlackElo "1688"]
[PlyCount "71"]
[EventDate "2009.??.??"]

1. a3 f5 2. c4 e5 3. Nc3 Nf6 4. e3 d6 5. d4 e4 6. f4 d5 7. cxd5 Nxd5 8. Nxd5
Qxd5 9. Qc2 c6 10. Bc4 Qd6 11. Bd2 Qg6 12. Bc3 Be6 13. b3 Nd7 14. Nh3 Nb6 15.
Bb2 Be7 16. O-O Nd5 17. Rfe1 h6 18. Nf2 Qf7 19. Nd1 g5 20. fxg5 hxg5 21. Nc3
Qh7 22. g3 Bd6 23. Nxd5 cxd5 24. Bb5+ Ke7 25. Qf2 Raf8 26. a4 f4 27. Ba3 fxe3
28. Bxd6+ Kxd6 29. Qb2 Rf2 30. Qa3+ Kc7 31. Rac1+ Kb8 32. Qd6+ Ka8 33. h4 Qf5
34. Rxe3 Rf8 35. Ba6 bxa6 36. Qc6+ 1/2-1/2

[Event "Ligue du Lyonnais"]
[Site "?"]
[Date "2009.05.17"]
[Round "2.2"]
[White "Djouder, Larbi"]
[Black "Celette, Robert"]
[Result "0-1"]
[WhiteElo "1780"]
[BlackElo "2065"]
[PlyCount "117"]
[EventDate "2009.??.??"]

1. e4 e5 2. Nf3 Nc6 3. d4 exd4 4. Nxd4 d6 5. Bc4 Nf6 6. Bg5 Be7 7. Nc3 O-O 8.
O-O h6 9. Bh4 Nxd4 10. Qxd4 Be6 11. Bd3 c5 12. Qe3 Ng4 13. Bxe7 Nxe3 14. Bxd8
Nxf1 15. Bh4 g5 16. Bxg5 hxg5 17. Kxf1 Kg7 18. h3 Rh8 19. f3 g4 20. fxg4 Bxg4
21. Bc4 Be6 22. Nd5 Rae8 23. a4 Bd7 24. Bd3 Bc6 25. Nc3 c4 26. Bxc4 Bxe4 27.
Bb3 Rh6 28. Rd1 a6 29. Rd2 Rf6+ 30. Kg1 Bc6 31. Nd5 Bxd5 32. Bxd5 b6 33. Bb7 a5
34. Bc6 Re5 35. b3 Rfe6 36. Bd7 Re2 37. Bxe6 Rxd2 38. Bf5 Kf6 39. g4 Kg5 40.
Kf1 Kh4 41. Ke1 Rh2 42. Kd1 Rxh3 43. Kd2 Kg5 44. c3 Kf4 45. b4 d5 46. Bd7 Ke5
47. Be8 f6 48. Bd7 Rg3 49. Bf5 axb4 50. cxb4 Rb3 51. b5 Ra3 52. Bc2 Kf4 53. Bd1
d4 54. Kc1 Ra1+ 55. Kd2 Ra2+ 56. Kd3 Kg3 57. Ke4 Kf2 58. Bb3 Rb2 59. Bc4 0-1

[Event "Ligue du Lyonnais"]
[Site "?"]
[Date "2009.05.17"]
[Round "2.3"]
[White "Aumont-Mathieu, Georges"]
[Black "Minchilli, Franco"]
[Result "1-0"]
[WhiteElo "1820"]
[BlackElo "1670"]
[PlyCount "91"]
[EventDate "2009.??.??"]

1. e4 c6 2. d4 d5 3. Nc3 e6 4. Bd3 Bb4 5. Nf3 Nd7 6. Bd2 Ndf6 7. e5 Bxc3 8.
Bxc3 Ne4 9. Bb4 Ne7 10. Nd2 Qb6 11. Bxe7 Kxe7 12. Bxe4 dxe4 13. Nxe4 Qxb2 14.
O-O Qb6 15. c3 h6 16. Qg4 Kf8 17. Nd6 Qc7 18. Rfe1 Qe7 19. Re3 Qg5 20. Qe4 Kg8
21. Rf3 Qg6 22. Qf4 Kh7 23. Nxf7 Qf5 24. Nxh8 Qxf4 25. Rxf4 Kxh8 26. Rf8+ Kh7
27. Re1 b6 28. Re3 Bb7 29. Ref3 Kg6 30. Rxa8 Bxa8 31. Rf8 Bb7 32. f4 c5 33. g4
cxd4 34. f5+ exf5 35. gxf5+ Kg5 36. cxd4 Bd5 37. e6 a5 38. e7 Bc6 39. e8=Q Bxe8
40. Rxe8 Kxf5 41. Re5+ Kf4 42. Kf2 g5 43. Re3 g4 44. d5 h5 45. d6 h4 46. d7 1-0

[Event "Ligue du Lyonnais"]
[Site "?"]
[Date "2009.05.17"]
[Round "2.4"]
[White "Schlick, Paul"]
[Black "Carteron, Olivier"]
[Result "0-1"]
[WhiteElo "1440"]
[BlackElo "1780"]
[PlyCount "62"]
[EventDate "2009.??.??"]

1. d4 d5 2. Nf3 Nf6 3. Bf4 Bf5 4. e3 e6 5. c4 c6 6. Nc3 Bb4 7. a3 Ba5 8. b4 Bc7
9. Bxc7 Qxc7 10. Nh4 Bg4 11. Be2 Bxe2 12. Qxe2 a5 13. O-O O-O 14. Rfc1 Nbd7 15.
c5 axb4 16. axb4 e5 17. Nf5 exd4 18. exd4 Rxa1 19. Rxa1 Re8 20. Qd1 Qf4 21. Nd6
Rb8 22. Ra7 Ng4 23. Qf3 Qxd4 24. Qxf7+ Kh8 25. Qf3 Rf8 26. Qg3 Rxf2 27. Ra8+
Nf8 28. h3 Rc2+ 29. Kf1 Rc1+ 30. Ke2 Rc2+ 31. Kf1 Nh2+ 0-1

[Event "Ligue du Lyonnais"]
[Site "?"]
[Date "2009.05.17"]
[Round "2.1"]
[White "Deville, Olivier"]
[Black "Adamus, Jeremy"]
[Result "1-0"]
[WhiteElo "2004"]
[BlackElo "2040"]
[PlyCount "91"]
[EventDate "2009.??.??"]

1. c4 e5 2. Nc3 Nf6 3. Nf3 d6 4. g3 Bg4 5. Bg2 Nbd7 6. O-O Be7 7. d4 exd4 8.
Nxd4 c6 9. h3 Be6 10. Nxe6 fxe6 11. Bf4 d5 12. cxd5 exd5 13. e4 dxe4 14. Nxe4
Nxe4 15. Bxe4 Nf6 16. Bg2 Qxd1 17. Raxd1 Kf7 18. Bc7 Rac8 19. Ba5 b6 20. Bc3
Rc7 21. Rd3 Rd8 22. Rfd1 Rxd3 23. Rxd3 c5 24. Kf1 c4 25. Rd4 b5 26. Ba5 Rc8 27.
a3 Ke6 28. h4 h5 29. Bh3+ Ng4 30. f3 Rf8 31. Rf4 Rxf4 32. gxf4 Kf5 33. Bc7 Bxh4
34. fxg4+ hxg4 35. Bg2 Bf6 36. Be5 Bxe5 37. fxe5 a5 38. Ke2 b4 39. Bd5 bxa3 40.
bxa3 Kxe5 41. Bxc4 Kd4 42. Bb5 Ke4 43. Kf2 Kf4 44. Kg2 g3 45. Bd7 g5 46. Bc8
1-0

[Event "Ligue du Lyonnais"]
[Site "?"]
[Date "2009.05.17"]
[Round "2.2"]
[White "Guevorkian, Spartak"]
[Black "Muller, Anthony"]
[Result "1/2-1/2"]
[WhiteElo "1920"]
[BlackElo "1920"]
[PlyCount "74"]
[EventDate "2009.??.??"]

1. d4 e6 2. Nf3 Nf6 3. Bf4 b6 4. e3 Bb7 5. Nbd2 c5 6. c3 d5 7. Bxb8 Rxb8 8.
Qa4+ Nd7 9. Ne5 Ke7 10. Nxd7 Qxd7 11. Qxa7 Qc7 12. Ba6 Kd8 13. Bxb7 Rxb7 14.
Qa8+ Rb8 15. Qa4 c4 16. Nf3 Bd6 17. O-O f6 18. Rfe1 g5 19. h3 h5 20. Nd2 f5 21.
f3 Bg3 22. Re2 g4 23. f4 gxh3 24. gxh3 Rg8 25. Rg2 Qg7 26. Kh1 Kc7 27. a3 Qf6
28. Nf3 Rg7 29. Rag1 Rbg8 30. Qa7+ Kc8 31. Qxb6 h4 32. Qa6+ Kb8 33. Ne5 Rb7 34.
Qd6+ Ka8 35. Nd7 Qd8 36. Qa6+ Ra7 37. Qc6+ Rb7 1/2-1/2

[Event "Ligue du Lyonnais"]
[Site "?"]
[Date "2009.05.17"]
[Round "2.3"]
[White "Perez, Christian"]
[Black "Sayou, Patrick"]
[Result "0-1"]
[WhiteElo "1480"]
[BlackElo "1499"]
[PlyCount "103"]
[EventDate "2009.??.??"]

1. e4 e5 2. Nf3 Nc6 3. Bb5 d6 4. d4 exd4 5. Nxd4 Bd7 6. Nxc6 bxc6 7. Bc4 Nf6 8.
Nc3 Be7 9. O-O O-O 10. Re1 Be6 11. Bd3 Nd7 12. Be3 Ne5 13. Be2 a5 14. f4 Nc4
15. Bc1 Bf6 16. Bxc4 Bxc4 17. Be3 Bxc3 18. bxc3 d5 19. e5 Re8 20. Bc5 Qd7 21.
Re4 Qf5 22. Rd4 Rab8 23. a3 Rb2 24. Rd2 Qxf4 25. Rf2 Qxe5 26. Bd4 Qe4 27. Rf4
Qe2 28. Rf2 Qxd1+ 29. Rxd1 f6 30. h3 Re2 31. Rxe2 Bxe2 32. Re1 Rxc2 33. Rb1 Bb5
34. Re1 Kf7 35. Re3 Re2 36. Rf3 Re1+ 37. Kh2 Ra1 38. Bc5 Ra2 39. Kg1 Re2 40.
Bf2 Ke6 41. Kh2 Re4 42. Bd4 Kd6 43. Rg3 Re7 44. h4 c5 45. Be3 Be8 46. Bf4+ Kc6
47. Be3 Bg6 48. Bf4 Be4 49. Re3 f5 50. Kg1 d4 51. Kf2 dxe3+ 52. Bxe3 0-1

[Event "Ligue du Lyonnais"]
[Site "?"]
[Date "2009.05.17"]
[Round "2.1"]
[White "Carrot, Axel"]
[Black "Libiszewski, Christian"]
[Result "1-0"]
[WhiteElo "1680"]
[BlackElo "1690"]
[PlyCount "69"]
[EventDate "2009.??.??"]

1. e4 e6 2. d4 d5 3. e5 c5 4. c3 Nc6 5. Nf3 Qb6 6. Qb3 cxd4 7. Qxb6 axb6 8.
cxd4 Nge7 9. Bb5 Bd7 10. Bd2 Nf5 11. Bc3 Bb4 12. a3 Be7 13. Nbd2 O-O 14. O-O
Rfd8 15. b4 Na7 16. Bxd7 Rxd7 17. Rfc1 Rc8 18. Bb2 Rdc7 19. Nb3 f6 20. g3 Nb5
21. Kf1 Rc2 22. Ne1 Rxb2 23. Rxc8+ Kf7 24. a4 Rxb3 25. axb5 Rxb4 26. Rc7 Rxb5
27. Rxb7 Nxd4 28. exf6 Kxf6 29. Ra4 e5 30. f4 Bd6 31. Nd3 Nb3 32. fxe5+ Bxe5
33. Nxe5 Nc5 34. Nd7+ Nxd7 35. Rxd7 1-0

[Event "Ligue du Lyonnais"]
[Site "?"]
[Date "2009.05.17"]
[Round "2.3"]
[White "Chambosse, Alexis"]
[Black "Pareux, Marc"]
[Result "1-0"]
[WhiteElo "1490"]
[BlackElo "1600"]
[PlyCount "67"]
[EventDate "2009.??.??"]

1. e4 g6 2. d4 Bg7 3. Nf3 c6 4. c4 d5 5. cxd5 cxd5 6. exd5 Qxd5 7. Nc3 Qd8 8.
Bc4 Nf6 9. O-O O-O 10. b3 Nbd7 11. Ba3 Nb6 12. Re1 Re8 13. Bb5 Bd7 14. Bxd7
Nbxd7 15. Ne5 Nxe5 16. dxe5 Nd7 17. Qc2 Rc8 18. Rad1 Qc7 19. Qd2 Nxe5 20. Nd5
Qb8 21. Nxe7+ Rxe7 22. Bxe7 Re8 23. Bd6 Qc8 24. Qe3 Qf5 25. f4 Bh6 26. Bxe5 f6
27. Qxa7 fxe5 28. fxe5 Qh5 29. Qxb7 Bf4 30. Qd5+ Kh8 31. h3 Qg5 32. Qf7 Rc8 33.
Rd7 Be3+ 34. Kf1 1-0

[Event "Ligue du Lyonnais"]
[Site "?"]
[Date "2009.05.17"]
[Round "2.4"]
[White "Vaccaro, Pierre"]
[Black "Mougne, William"]
[Result "1-0"]
[WhiteElo "1520"]
[BlackElo "1420"]
[PlyCount "73"]
[EventDate "2009.??.??"]

1. e4 e5 2. d4 exd4 3. c3 dxc3 4. Nxc3 d6 5. Bc4 Be6 6. Bxe6 fxe6 7. Nf3 Nc6 8.
Qb3 e5 9. Qxb7 Nd4 10. Nxd4 exd4 11. Qc6+ Kf7 12. Qd5+ Ke7 13. Bg5+ Nf6 14.
Bxf6+ gxf6 15. Qxd4 Rb8 16. Nd5+ Ke8 17. Nxf6+ Kf7 18. Nd5 Bg7 19. Qd2 Bxb2 20.
Rd1 c6 21. Qf4+ Ke8 22. O-O cxd5 23. exd5 Rf8 24. Rfe1+ Be5 25. Qa4+ Qd7 26.
Qe4 Rc8 27. Qh4 Qf7 28. f3 Rc2 29. Qa4+ Kd8 30. Qxc2 Qc7 31. Qxc7+ Kxc7 32. Kf2
Bxh2 33. g3 Rg8 34. g4 h5 35. Re7+ Kd8 36. Rxa7 hxg4 37. Ra8+ 1-0

[Event "Ligue du Lyonnais"]
[Site "?"]
[Date "2009.05.17"]
[Round "2.1"]
[White "Ben Habchi, Nordine"]
[Black "Joly, Christian"]
[Result "1-0"]
[WhiteElo "1470"]
[BlackElo "1480"]
[PlyCount "160"]
[EventDate "2009.??.??"]

1. e4 d6 2. d4 Nf6 3. Nf3 Nxe4 4. Bc4 g6 5. c3 Bg7 6. Nbd2 Nf6 7. Qb3 O-O 8.
Ng5 d5 9. Bd3 e6 10. Ndf3 Nbd7 11. Bf4 Nh5 12. Be3 b6 13. O-O c5 14. Qc2 c4 15.
Be2 Nhf6 16. Nh3 h6 17. Nd2 b5 18. f4 Re8 19. Nf3 Ng4 20. Bd2 f5 21. Ne5 Ngxe5
22. fxe5 Qb6 23. Kh1 a5 24. Qc1 Kh7 25. Ng1 Bb7 26. Rf4 Qd8 27. Rf2 Nf8 28. Qc2
Kh8 29. Raf1 Nh7 30. Nf3 Re7 31. Qc1 g5 32. Ne1 Rf7 33. Nc2 Qc7 34. Na3 Bc6 35.
Nc2 Nf8 36. Bh5 Kh7 37. Bxf7 Qxf7 38. Ne3 Bd7 39. Ng4 Qe7 40. Ne3 Ng6 41. Qc2
Rf8 42. b4 a4 43. a3 Qd8 44. Nd1 Be8 45. Rf3 Nh4 46. R3f2 Ng6 47. g3 Qc7 48.
Ne3 Bd7 49. Qc1 Bc8 50. Ng2 Qd8 51. Rf3 Qe7 52. Kg1 Qa7 53. Re1 Qe7 54. Kf2 Rf7
55. Ke2 Bd7 56. Kd1 g4 57. Rff1 h5 58. Nf4 Nxf4 59. Bxf4 Qf8 60. Bg5 Bh6 61.
Bf4 Be8 62. Kc2 Re7 63. Kb2 Bg6 64. Qe3 Qg7 65. Re2 Rf7 66. Ref2 Bxf4 67. Rxf4
Qh6 68. Qg1 Kg8 69. Qh1 h4 70. gxh4 Qxh4 71. Qg2 Rh7 72. Rh1 Qg5 73. Qg3 Rh3
74. Qf2 Bh5 75. Rf1 Kf7 76. Kc2 Bg6 77. Qg2 Qh5 78. R1f2 Ke7 79. Qg1 Qh4 80.
Rg2 Qg5 1-0

[Event "Ligue du Lyonnais"]
[Site "?"]
[Date "2009.05.17"]
[Round "2.2"]
[White "Trottet, Francois"]
[Black "Boeuf, Jean-Julien"]
[Result "1/2-1/2"]
[WhiteElo "1470"]
[BlackElo "1400"]
[PlyCount "88"]
[EventDate "2009.??.??"]

1. e4 d6 2. d4 Nf6 3. Nc3 g6 4. Be2 Bg7 5. Be3 O-O 6. h3 Nbd7 7. Qd2 e5 8. Nf3
c6 9. dxe5 dxe5 10. O-O-O Qc7 11. Bh6 Rd8 12. Bxg7 Kxg7 13. g4 b5 14. Rhg1 Bb7
15. Qe3 a6 16. Nh2 Nf8 17. g5 Ne8 18. h4 f6 19. gxf6+ Nxf6 20. h5 Kh8 21. hxg6
Nxg6 22. Ng4 Qe7 23. Nxf6 Qxf6 24. Bg4 Qf4 25. Rxd8+ Rxd8 26. Qxf4 Nxf4 27. Ne2
Nxe2+ 28. Bxe2 c5 29. f3 Rg8 30. Rd1 c4 31. c3 Bc8 32. Rd6 Rg6 33. Rd2 Rg1+ 34.
Kc2 Rg2 35. b3 cxb3+ 36. Kxb3 Be6+ 37. Kb4 Bc4 38. Rd8+ Kg7 39. Bxc4 bxc4 40.
Kxc4 Rxa2 41. Rd1 h5 42. Kb3 Rf2 43. Rd5 Rxf3 44. Rxe5 h4 1/2-1/2